Hlavný je prvovýstup alpským štýlom slovenskí horolezci v sobotu odlietajú do Himalájí na dvojkombináciu Čo Oju - Šiša Pangma

Bibliographic Details
Main Author: Vranka, Milan, 1959- (Author)
Format: Article
Language:Slovak
PhysicalDescription:Fotogr.
ISSN:0139-7001
Subjects:

MARC

LEADER 00000nab a2200000 ar4500
001 vtls008956071
003 SK-MaSNL
005 20260303070357.0
008 070316c20070307xo wr|p|||||||000 b|slo
015 |a SNBRBL2007/03  |2 snkbucl 
038 |a SNKBUCL 
040 |a SNKBUCL  |b slo  |c SNKBUCL  |e AACR2 
041 0 |a slo 
044 |a xo  |c SK 
080 |a 796.524  |x (235.243)  |2 2001 
100 1 |a Vranka, Milan,  |d 1959-  |4 aut  |9 147240 
245 1 0 |a Hlavný je prvovýstup alpským štýlom  |b slovenskí horolezci v sobotu odlietajú do Himalájí na dvojkombináciu Čo Oju - Šiša Pangma  |c Milan Vranka 
300 |b Fotogr. 
648 7 |a 2007  |2 snkbucl  |9 313226 
650 0 7 |a horolezectvo  |2 snkbucl  |9 1050 
650 0 7 |a slovenské horolezecké expedície  |2 snkbucl  |9 89840 
651 7 |a Himaláje (pohorie)  |2 snkbucl  |9 28710 
773 0 |t Šport  |g Roč. 61, č. 56 (8.3.2007), s. 37  |x 0139-7001 
852 |a SNK  |b KIS3GCP 
999 |c 1755093  |d 1757023